Responses for Show #7118 - Wednesday, July 22, 2015

Scott Lord game 3.

Contestants

[<< previous game]

Kris Dages, a software engineer from Austin, Texas

Brianne Archer, an environmental engineer from Bellflower, California

Scott Lord, a construction attorney from Santa Monica, California (whose 2-day cash winnings total $55,401)

[next game >>]

Jeopardy! Round responses

DIET FADS
TRAVELIN' AROUND THE COUNTRY
WHAT'S THAT WEBSITE?
OXFORD DICTIONARIES WORD OF THE YEAR
YOUR OLD RECORDS
THERE'S SOMETHING IN THE AIR
    $200 16
grapefruit

Scott
    $200 23
Mexico

Scott
    $200 11
Sports Illustrated

Brianne
    $200 7
selfie

Kris
    $200 1
The Rolling Stones

Kris
    $200 19
a drone

Scott
    $400 26
(Brianne: What's the Atkins diet?)

the South Beach diet

BrianneKris
    $400 25
Greece

Scott
    $400 12
American Airlines

Brianne
    $400 8
unfriend

Kris
    $400 2
Thriller

Scott
    $600 24
cigarettes

Scott
    $600 20
Sweden

Scott
    $600 13
Veterans Affairs

Kris
    $600 6
podcast

Brianne
    $600 3
Achtung Baby

Scott
    $600 17
pheromones

Scott
    $800 27
[The end-of-round signal sounds.]

the Zone

Triple Stumper
    $800 21
India

Scott
    $800 14
the Empire State Building

Triple Stumper
    $1,000 9
locavore

Kris
    $800 4
Tapestry

Scott
    $800 18
pepper spray

Kris
    $1000 22
(Alex: With a minute to go.)

Turkey

Kris
    $1000 15
San Jose State University

Kris
    $1000 10
gif

Triple Stumper
    $1000 5
The Doors

Triple Stumper

Scores at the first commercial break (after clue 15):

Scott Brianne Kris
$1,800 $1,200 $3,400

Scores at the end of the Jeopardy! Round:

Scott Brianne Kris
$5,400 $800 $5,600

Double Jeopardy! Round responses

JULES VERNE
POTPOURRI
FEMALE NOBEL PRIZE WINNERS
SUPPORTING ROLES
WATERGATE
THERE'S "AIR" IN THE SOMETHING
    $400 6
(Brianne: What's a hot air balloon?)
...
(Alex: We were going for the title Five Weeks in [*], not a hot air balloon.)

a Balloon

Brianne
Triple Stumper
    $400 25
(Kris: What is the cornea?)
(Scott: What is the iris?)
...
(Alex: ...with less than a minute to go now.)

the lens

ScottBrianneKris
    $400 1
apartheid

Scott
    $400 20
Uma Thurman

Scott
    $400 15
(George) McGovern

Scott
    $400 7
(Scott: What is hair?)
(Alex: Give me more.)

hairdo

Scott
    $800 24
(Captain) Nemo

Scott
    $800 27
(Kris: Uh... what are pearls?)

pearl onions

ScottKris
    $800 26
(Marie) Curie

Scott
    $800 18
Julia Roberts

Brianne
    $800 14
Woodward & Bernstein

Scott
    $800 8
prairie

Kris
    $1200 2
a stockbroker

Scott
    $1200 21
(Kris: What is Absurdism?)

Surrealism

Kris
Triple Stumper
    $1200 28
(Kris: Uh, what are gamma rays?)
[The end-of-round signal sounds.]

X-rays

BrianneKris
    $1200 16
Jonah Hill

Triple Stumper
    $1200 5
privilege

Kris
    $1200 9
solitaire

Brianne
    $3,000 3
(Scott: Who is Queen Victoria?)

Nellie Bly

Scott
    $1600 22
Yemen

Brianne
    $1600 17
Queen Latifah

Kris
    $1600 12
(Kris: Uh, who is Liddy?)

(John) Ehrlichman

ScottKris
    $1600 10
corsair

Kris
    $2000 4
From the Earth to the Moon

Scott
    $2000 23
the Civilian Conservation Corps

Scott
    $2000 19
(Scott: Who is Sutherland?)
...
(Alex: Sutherland played the father. [*] was the one we were going for.)

Judd Hirsch

Scott
Triple Stumper
    $2000 13
(John) Dean

Scott
    $2000 11
cairn

Scott

Scores at the end of the Double Jeopardy! Round:

Scott Brianne Kris
$15,600 $5,600 $5,600
(lock game)

[wagering suggestions for these scores]

Final Jeopardy! Round responses

MILITARY HISTORY
[Kris's response was revealed first.]
BrianneWhat is Ireland? Spain
$34
KrisWhat is the Netherlands?
$5
ScottWhat is the Netherlands
$2,400
the Netherlands

Final scores:

Scott Brianne Kris
$18,000 $5,566 $5,605
3-day champion: $73,401 3rd place: $1,000 2nd place: $2,000

Game dynamics:

Coryat scores:

Scott Brianne Kris
$18,600 $5,600 $5,400
25 R,
3 W
(including 1 DD)
8 R,
2 W
13 R
(including 1 DD),
5 W

Combined Coryat: $29,600

[game clues] [game scores] [suggest correction]

Game tape date: Unknown
The J! Archive is created by fans, for fans. Scraping, republication, monetization, and malicious use prohibited; this site may use cookies and collect identifying information. See terms. The Jeopardy! game show and all elements thereof, including but not limited to copyright and trademark thereto, are the property of Jeopardy Productions, Inc. and are protected under law. This website is not affiliated with, sponsored by, or operated by Jeopardy Productions, Inc. Join the discussion at JBoard.tv.